Crowdfunding a crowdberry – inovatívne formy financovania podnikov bakalárska práca

Guardado en:
Detalles Bibliográficos
Autor principal: Čentéš, Marek
Autor Corporativo: Národohospodárska fakulta EU. Katedra financií
Otros Autores: Belanová, Katarína, 1978-
Formato: Libro
Lenguaje:eslovaco
Publicado: Bratislava 2021
Etiquetas: Agregar Etiqueta
Sin Etiquetas, Sea el primero en etiquetar este registro!

MARC

LEADER 00000nbm a2200000 4500
001 0275281
005 20211210124141.6
041 0 |a slo 
044 |a SK 
245 1 0 |a Crowdfunding a crowdberry – inovatívne formy financovania podnikov  |b bakalárska práca  |c Marek Čentéš ; školiteľ: Katarína Belanová 
264 1 |a Bratislava  |c 2021 
300 |a 57 s. 
100 1 |a Čentéš, Marek 
700 1 |a Belanová, Katarína, 1978- 
710 2 |a Národohospodárska fakulta EU. Katedra financií